000 00596nam a2200205 i 4500
001 24115
003 ES-MaACL
005 20230906153007.0
007 t|
008 021216s1956 sp ||||1| cat d
100 1 _aAmat-Piniella, J.
_921142
245 1 3 _aEl casino dels Senyors /
_cJ. Amat-Piniella.
250 _a[1ยช ed].
260 _aBarcelona :
_bAlberti,
_c[1956] (
_fGirona Talls. Tipografiques)
300 _a134 p. ;
_c16 cm.
490 1 _aNova Col. lletres ;
_v24
830 0 _aNova Col. lletres ;
_v24
_9181453
852 _aES-MaACL
_jC-13533
_bR.40170
999 _c24115
_d24115